00642 2200229 4500001002100000005001700021008004100038035002400079082001100103090001800114100002700132245008100159250001800240260002700258300003000285500002700315650001900342850001500361980001500376985000600391999001500397YOGYA-0209000003607820090227025101.0 ind  0010-020900000036078 a664.76 a664.76bRek P aReksohadiprojo, Sudomo aProduksi biji rumput dan legum makanan ternak tropikcSoedomo Reksohadiprojo aEd. 1, cet. 1 aYogyakartabBPFEc1985 avii, 139 hlmbilusc21 cm aBibliografi : hlm. 139 aMakanan ternak aYOPDYOG(B) a10-31-2006 a1 a94P0052987